[Event "Mauricie op"]
[Site "Shawinigan CAN"]
[Date "2003.03.22"]
[Round "3"]
[White "Boulay, David"]
[Black "Lesiege, Alexandre"]
[Result "0-1"]
[WhiteElo "2212"]
[BlackElo "2589"]
[WhiteFideId "-1"]
[WhiteFideId "-1"]
[PlyCount "92"]
[GameId "2160767911303348"]
[EventDate "2003.03.21"]
[EventType "swiss"]
[EventRounds "5"]
[EventCountry "CAN"]
[SourceTitle "EXT 2006"]
[Source "ChessBase"]
[SourceDate "2005.11.24"]
[SourceVersion "1"]
[SourceVersionDate "2005.11.24"]
[SourceQuality "1"]

1. e4 c5 2. Nf3 Nc6 3. Nc3 e6 4. d4 cxd4 5. Nxd4 Nf6 6. Ndb5 d6 7. Bf4 e5 8. Bg5 a6 9. Na3 b5 10. Nd5 Be7 11. Bxf6 Bxf6 12. c3 Bg5 13. Nc2 O-O 14. a4 bxa4 15. Rxa4 a5 16. Bc4 Kh8 17. O-O Rb8 18. b3 f5 19. exf5 Bxf5 20. Nce3 Bg6 21. Be2 e4 22. Nc4 h6 23. Ra3 Bf7 24. Bh5 Bg8 25. Bg4 Rb5 26. Nce3 Rc5 27. c4 Ne7 28. Qd4 Nxd5 29. Nxd5 Bxd5 30. cxd5 Rc2 31. Raa1 Rf4 32. Qd1 Rb2 33. g3 Rfxf2 34. Rxf2 Be3 35. Be2 Qf6 36. Qf1 Rxe2 37. Qxe2 Bxf2+ 38. Qxf2 Qxa1+ 39. Kg2 Qe5 40. Qf7 e3 41. Qe6 Qxe6 42. dxe6 Kg8 43. Kf3 Kf8 44. Kxe3 Ke7 45. Ke4 Kxe6 46. g4 g5 0-1

[Event "Mauricie op"]
[Site "Shawinigan CAN"]
[Date "2003.03.22"]
[Round "4"]
[White "Lesiege, Alexandre"]
[Black "Lawson, Eric"]
[Result "1-0"]
[WhiteElo "2589"]
[BlackElo "2335"]
[WhiteFideId "-1"]
[WhiteFideId "-1"]
[PlyCount "61"]
[GameId "2160767911303353"]
[EventDate "2003.03.21"]
[EventType "swiss"]
[EventRounds "5"]
[EventCountry "CAN"]
[SourceTitle "EXT 2006"]
[Source "ChessBase"]
[SourceDate "2005.11.24"]
[SourceVersion "1"]
[SourceVersionDate "2005.11.24"]
[SourceQuality "1"]

1. d4 Nf6 2. c4 e6 3. Nc3 Bb4 4. e3 b6 5. Bd3 Bb7 6. Nf3 Ne4 7. O-O Bxc3 8. bxc3 Nxc3 9. Qc2 Bxf3 10. gxf3 Qg5+ 11. Kh1 Qh5 12. Rg1 Qxf3+ 13. Rg2 f5 14. Bb2 Ne4 15. Rf1 Nf6 16. d5 Na6 17. Be2 Qe4 18. Qxe4 Nxe4 19. Bh5+ Ke7 20. f3 Nec5 21. Rxg7+ Kd6 22. Rd1 exd5 23. Rxd5+ Kc6 24. f4 b5 25. Bf3 bxc4 26. Rxf5+ Kb6 27. Rg1 Rhf8 28. Rh5 c6 29. Rb1 Ka5 30. Bd1 Kb4 31. a3+ 1-0

[Event "Hiver/Winter op"]
[Site "Montreal CAN"]
[Date "2003.02.28"]
[Round "1"]
[White "Lesiege, Alexandre"]
[Black "Rousseau, Daniel"]
[Result "1-0"]
[WhiteElo "2596"]
[BlackElo "2074"]
[WhiteFideId "-1"]
[WhiteFideId "-1"]
[PlyCount "69"]
[GameId "2160767911303486"]
[EventDate "2003.02.28"]
[EventType "swiss"]
[EventRounds "5"]
[EventCountry "CAN"]

1. d4 Nf6 2. c4 g6 3. Nc3 Bg7 4. e4 d6 5. Nf3 O-O 6. Be2 e5 7. O-O Nc6 8. d5 Ne7 9. b4 Nh5 10. Re1 Nf4 11. Bf1 a5 12. bxa5 Rxa5 13. Nd2 b6 14. a4 g5 15. Nb3 Ra8 16. a5 g4 17. axb6 Rxa1 18. bxc7 Qxc7 19. Nxa1 f5 20. Nb3 fxe4 21. Nxe4 Nf5 22. c5 dxc5 23. d6 Qf7 24. Nbxc5 Nd4 25. Bxf4 exf4 26. d7 Bxd7 27. Nd6 Qg6 28. Nxd7 Qxd6 29. Nxf8 Qxf8 30. Qa4 Qc5 31. Bc4+ Kh8 32. Qe8+ Qf8 33. Qd7 Qb4 34. Re8+ Bf8 35. Qxd4# 1-0

[Event "Hiver/Winter op"]
[Site "Montreal CAN"]
[Date "2003.03.01"]
[Round "2"]
[White "Lawson, Eric"]
[Black "Lesiege, Alexandre"]
[Result "0-1"]
[WhiteElo "2293"]
[BlackElo "2596"]
[WhiteFideId "-1"]
[WhiteFideId "-1"]
[PlyCount "92"]
[GameId "2160767911303493"]
[EventDate "2003.02.28"]
[EventType "swiss"]
[EventRounds "5"]
[EventCountry "CAN"]

1. d4 d5 2. Bg5 c6 3. Nf3 h6 4. Bh4 Qb6 5. Qc1 Bg4 6. Nbd2 Nd7 7. e3 e6 8. Bg3 Ngf6 9. h3 Bxf3 10. Nxf3 Ne4 11. Bh2 Bd6 12. Bxd6 Nxd6 13. Bd3 c5 14. c3 Qc7 15. O-O O-O 16. Re1 c4 17. Bc2 f5 18. Ne5 Nxe5 19. dxe5 Ne4 20. f4 g5 21. Kh2 Rad8 22. Qd1 g4 23. Qe2 h5 24. Rad1 Nc5 25. Qf2 Qe7 26. b4 cxb3 27. axb3 Kf7 28. Rd4 Rg8 29. Kh1 Rg7 30. hxg4 hxg4 31. Qg3 Rh8+ 32. Kg1 Rgh7 33. b4 Ne4 34. Bxe4 dxe4 35. Kf2 Rh1 36. Red1 Qe8 37. Rd7+ Kg6 38. R1d6 R8h2 39. Rd8 Qb5 40. Rd1 Qa4 41. Ke2 Rxd1 42. Rxd1 Qa2+ 43. Rd2 Qc4+ 44. Kf2 Rh1 45. Re2 Qd3 46. b5 Qb1 0-1

[Event "Hiver/Winter op"]
[Site "Montreal CAN"]
[Date "2003.03.01"]
[Round "3"]
[White "Lesiege, Alexandre"]
[Black "Khassanov, Marat"]
[Result "1-0"]
[WhiteElo "2596"]
[BlackElo "2422"]
[WhiteFideId "-1"]
[WhiteFideId "-1"]
[PlyCount "63"]
[GameId "2160767911303500"]
[EventDate "2003.02.28"]
[EventType "swiss"]
[EventRounds "5"]
[EventCountry "CAN"]

1. d4 d5 2. c4 e6 3. Nf3 Nf6 4. Nc3 c6 5. Bf4 dxc4 6. e3 b5 7. a4 b4 8. Nb1 c3 9. bxc3 bxc3 10. Qb3 Qb6 11. Bc4 Qxb3 12. Bxb3 g6 13. O-O Bb4 14. Rc1 Nbd7 15. Nxc3 Bb7 16. a5 c5 17. Nb5 O-O 18. Bd6 Rfc8 19. Nc7 Rab8 20. Ne5 Nxe5 21. Bxe5 Ne4 22. a6 Bc6 23. d5 Bc3 24. Bxc3 Rxb3 25. Ba5 Bxd5 26. f3 Nf6 27. Rxc5 Ne8 28. Rac1 Nxc7 29. Rxc7 Rxc7 30. Rxc7 Ra3 31. Bc3 Rxa6 32. Rc8# 1-0

[Event "Hiver/Winter op"]
[Site "Montreal CAN"]
[Date "2003.03.02"]
[Round "4"]
[White "Mikanovic, Goran"]
[Black "Lesiege, Alexandre"]
[Result "0-1"]
[WhiteElo "2350"]
[BlackElo "2596"]
[WhiteFideId "-1"]
[WhiteFideId "-1"]
[PlyCount "72"]
[GameId "2160767911303511"]
[EventDate "2003.02.28"]
[EventType "swiss"]
[EventRounds "5"]
[EventCountry "CAN"]
[SourceTitle "EXT 2009"]
[Source "ChessBase"]
[SourceDate "2008.11.26"]
[SourceVersion "1"]
[SourceVersionDate "2008.11.26"]
[SourceQuality "1"]

1. d4 d5 2. c4 c6 3. Nf3 Nf6 4. Nc3 dxc4 5. a4 Bf5 6. e3 e6 7. Bxc4 Bb4 8. O-O O-O 9. Qe2 Nbd7 10. e4 Bg6 11. Bd3 Bh5 12. e5 Nd5 13. Bd2 c5 14. Rad1 cxd4 15. Nxd5 Bxd2 16. Rxd2 exd5 17. Bf5 Re8 18. g4 Bg6 19. Rxd4 Bxf5 20. gxf5 Qf6 21. exf6 Rxe2 22. Rxd5 Nxf6 23. Rb5 b6 24. Re1 Rxe1+ 25. Nxe1 Rd8 26. Re5 Kf8 27. Nf3 Rd3 28. Kg2 Rb3 29. Nd4 Rxb2 30. Nc6 a5 31. Re7 Rc2 32. Rc7 g6 33. fxg6 hxg6 34. Kf3 Kg7 35. Rc8 Rc4 36. Rc7 Ng4 0-1

[Event "Hiver/Winter op"]
[Site "Montreal CAN"]
[Date "2003.03.02"]
[Round "5"]
[White "Lesiege, Alexandre"]
[Black "Hebert, Jean"]
[Result "1-0"]
[WhiteElo "2528"]
[BlackElo "2417"]
[WhiteFideId "-1"]
[WhiteFideId "-1"]
[PlyCount "89"]
[GameId "2160767911303514"]
[EventDate "2003.02.28"]
[EventType "swiss"]
[EventRounds "5"]
[EventCountry "CAN"]
[SourceTitle "EXT 2009"]
[Source "ChessBase"]
[SourceDate "2008.11.26"]
[SourceVersion "1"]
[SourceVersionDate "2008.11.26"]
[SourceQuality "1"]

1. d4 Nf6 2. c4 d6 3. Nc3 g6 4. e4 Bg7 5. Nf3 O-O 6. Be2 Bg4 7. Be3 Nfd7 8. Rc1 c5 9. d5 Na6 10. O-O Nc7 11. Ng5 Bxe2 12. Qxe2 h6 13. Nf3 a6 14. Bf4 b5 15. b3 b4 16. Na4 f6 17. Bg3 Qe8 18. Ne1 Rd8 19. Rd1 Rc8 20. Nd3 Ne5 21. f4 Nxc4 22. Nxb4 Na5 23. Nxa6 c4 24. Nxc7 Rxc7 25. Rc1 Qb5 26. Be1 Rfc8 27. Nb2 Qb6+ 28. Bf2 Qb4 29. Nxc4 Nxc4 30. bxc4 Rxc4 31. Rxc4 Qxc4 32. Qg4 Kf7 33. Qe6+ Kf8 34. e5 Qc7 35. f5 g5 36. exd6 exd6 37. Re1 Rd8 38. g4 Qf7 39. a4 Qxe6 40. dxe6 Ra8 41. Ra1 Ke8 42. a5 Ra6 43. Bb6 Bf8 44. Kf2 Be7 45. Ke3 1-0

[Event "Carnaval"]
[Site "Quebec CAN"]
[Date "2003.02.14"]
[Round "1"]
[White "Lesiege, Alexandre"]
[Black "Drolet, Stephane"]
[Result "1-0"]
[WhiteElo "2592"]
[BlackElo "2101"]
[WhiteFideId "-1"]
[WhiteFideId "-1"]
[PlyCount "81"]
[GameId "2160767911352869"]
[EventDate "2003.02.14"]
[EventType "swiss"]
[EventRounds "5"]
[EventCountry "CAN"]
[SourceTitle "EXT 2006"]
[Source "ChessBase"]
[SourceDate "2005.11.24"]
[SourceVersion "1"]
[SourceVersionDate "2005.11.24"]
[SourceQuality "1"]

1. d4 d5 2. c4 c6 3. Nc3 Nf6 4. e3 g6 5. Bd3 Bg7 6. Nf3 O-O 7. O-O Bg4 8. h3 Bxf3 9. Qxf3 Qd6 10. b3 e5 11. dxe5 Qxe5 12. Bb2 dxc4 13. Bxc4 Nbd7 14. Rfd1 Rad8 15. Qe2 Qa5 16. a3 Ne5 17. b4 Qc7 18. Bb3 Rxd1+ 19. Rxd1 Rd8 20. f4 Rxd1+ 21. Qxd1 Ned7 22. Qd4 Qb6 23. Qd3 Qc7 24. g3 Nb6 25. e4 Qd7 26. Qxd7 Nfxd7 27. e5 Bf8 28. Ne4 Be7 29. Bd4 Kf8 30. g4 h6 31. Kf2 Ke8 32. f5 gxf5 33. gxf5 Nc8 34. f6 Bd8 35. e6 fxe6 36. Bxe6 Bb6 37. Nc5 Bxc5 38. bxc5 Kd8 39. f7 Nf8 40. Bxc8 Kxc8 41. Bg7 1-0

[Event "Carnaval"]
[Site "Quebec CAN"]
[Date "2003.02.15"]
[Round "2"]
[White "Bannon, Eric"]
[Black "Lesiege, Alexandre"]
[Result "0-1"]
[WhiteElo "2158"]
[BlackElo "2592"]
[WhiteFideId "-1"]
[WhiteFideId "-1"]
[PlyCount "88"]
[GameId "2160767911352873"]
[EventDate "2003.02.14"]
[EventType "swiss"]
[EventRounds "5"]
[EventCountry "CAN"]
[SourceTitle "EXT 2006"]
[Source "ChessBase"]
[SourceDate "2005.11.24"]
[SourceVersion "1"]
[SourceVersionDate "2005.11.24"]
[SourceQuality "1"]

1. e4 e5 2. Nf3 Nf6 3. Nc3 Bb4 4. Nxe5 O-O 5. Nd3 Bxc3 6. dxc3 Nxe4 7. Be2 d5 8. O-O Re8 9. Nf4 c6 10. c4 d4 11. Bd3 Na6 12. f3 Nd6 13. g4 b6 14. Bd2 Nc5 15. Be2 f5 16. h3 Ne6 17. Nxe6 Bxe6 18. b3 Nf7 19. Bf4 c5 20. Qd2 Bd7 21. Rae1 g5 22. Bg3 f4 23. Bf2 Bc6 24. c3 d3 25. Qxd3 Qxd3 26. Bxd3 Ne5 27. Be2 Bxf3 28. Bd1 Bb7 29. b4 Nd3 30. Rxe8+ Rxe8 31. bxc5 bxc5 32. Bc2 Nxf2 33. Kxf2 Re3 34. Rb1 Rxh3 35. Rxb7 Rh2+ 36. Kf3 Rxc2 37. Ke4 Re2+ 38. Kf5 Re8 39. Kxg5 f3 40. Rb1 f2 41. Rf1 Rf8 42. Kh4 Rf3 43. g5 Kg7 44. Kg4 Rf8 0-1

[Event "Carnaval"]
[Site "Quebec CAN"]
[Date "2003.02.15"]
[Round "3"]
[White "Lesiege, Alexandre"]
[Black "Duong, Thanh Nha"]
[Result "1/2-1/2"]
[WhiteElo "2592"]
[BlackElo "2366"]
[WhiteFideId "-1"]
[WhiteFideId "-1"]
[PlyCount "31"]
[GameId "2160767911352891"]
[EventDate "2003.02.14"]
[EventType "swiss"]
[EventRounds "5"]
[EventCountry "CAN"]
[SourceTitle "EXT 2006"]
[Source "ChessBase"]
[SourceDate "2005.11.24"]
[SourceVersion "1"]
[SourceVersionDate "2005.11.24"]
[SourceQuality "1"]

1. d4 Nf6 2. c4 e6 3. Nc3 d5 4. cxd5 exd5 5. Bg5 Nbd7 6. e3 Bb4 7. Bd3 c5 8. Nf3 Qa5 9. Qc2 O-O 10. O-O c4 11. Bf5 Bxc3 12. Qxc3 Re8 13. Nd2 g6 14. Bxd7 Nxd7 15. h4 f5 16. f3 1/2-1/2

[Event "Carnaval"]
[Site "Quebec CAN"]
[Date "2003.02.16"]
[Round "4"]
[White "Roussel-Roozmon, Thomas"]
[Black "Lesiege, Alexandre"]
[Result "0-1"]
[WhiteElo "2319"]
[BlackElo "2592"]
[WhiteFideId "-1"]
[WhiteFideId "-1"]
[PlyCount "62"]
[GameId "2160767911352900"]
[EventDate "2003.02.14"]
[EventType "swiss"]
[EventRounds "5"]
[EventCountry "CAN"]
[SourceTitle "EXT 2006"]
[Source "ChessBase"]
[SourceDate "2005.11.24"]
[SourceVersion "1"]
[SourceVersionDate "2005.11.24"]
[SourceQuality "1"]

1. d4 d5 2. c4 e6 3. Nc3 c6 4. e3 Nf6 5. Nf3 Nbd7 6. Bd3 dxc4 7. Bxc4 b5 8. Bd3 Bb7 9. O-O a6 10. e4 c5 11. d5 c4 12. dxe6 fxe6 13. Bc2 Qc7 14. Nd4 Nc5 15. Be3 Rd8 16. Qe2 e5 17. Nf3 Be7 18. a4 Ncxe4 19. Nxe4 Bxe4 20. Bxe4 Nxe4 21. axb5 axb5 22. Ra7 Qd6 23. Bf4 Qd3 24. Qxd3 cxd3 25. Bxe5 Bc5 26. Raa1 O-O 27. Rad1 g5 28. Bg3 d2 29. Kh1 g4 30. Ne5 Bxf2 31. Nxg4 Bxg3 0-1

[Event "Olympiad"]
[Site "Bled SLO"]
[Date "2002.11.05"]
[Round "10"]
[White "Lesiege, Alexandre"]
[Black "Mammadov, Ayaz"]
[Result "1/2-1/2"]
[WhiteElo "2531"]
[BlackElo "2580"]
[WhiteFideId "-1"]
[WhiteFideId "-1"]
[PlyCount "44"]
[GameId "2129405139159242"]
[EventDate "2002.10.26"]
[EventType "team"]
[EventRounds "14"]
[EventCountry "SLO"]
[SourceTitle "The Week in Chess 418"]
[Source "Mark Crowther"]
[SourceDate "2002.11.11"]
[SourceVersion "1"]
[SourceVersionDate "2002.11.11"]
[SourceQuality "2"]

1. Nf3 d5 2. d4 c5 3. c4 dxc4 4. e4 cxd4 5. Qxd4 Qxd4 6. Nxd4 a6 7. Bxc4 e6 8. Be3 Nf6 9. f3 Nbd7 10. Nd2 b6 11. Be2 Bb7 12. N4b3 Rc8 13. Kf2 Bd6 14. Nc4 Bc7 15. Rac1 Ke7 16. Bd2 a5 17. Nd4 Ne5 18. Nb5 Nxc4 19. Rxc4 Be5 20. Bc3 Rxc4 21. Bxc4 Bxc3 22. Nxc3 Rc8 1/2-1/2

[Event "Olympiad-35"]
[Site "Bled"]
[Date "2002.10.27"]
[Round "2.1"]
[White "Beliavsky, Alexander"]
[Black "Lesiege, Alexandre"]
[Result "1-0"]
[WhiteElo "2650"]
[BlackElo "2531"]
[WhiteFideId "-1"]
[WhiteFideId "-1"]
[PlyCount "89"]
[GameId "1166644863389696"]
[EventDate "2002.10.26"]
[EventType "team-swiss"]
[EventRounds "14"]
[EventCountry "SLO"]
[SourceTitle "EXT 2003"]
[Source "ChessBase"]
[SourceDate "2002.11.25"]
[SourceVersion "1"]
[SourceVersionDate "2002.11.25"]
[SourceQuality "1"]
[WhiteTeam "Slovenia"]
[BlackTeam "Canada"]
[WhiteTeamCountry "SLO"]
[BlackTeamCountry "CAN"]

1. c4 c6 2. d4 d5 3. Nc3 Nf6 4. Nf3 dxc4 5. a4 Bf5 6. e3 e6 7. Bxc4 Bb4 8. O-O O-O 9. Qe2 Nbd7 10. e4 Bg6 11. Bd3 Re8 12. e5 Nd5 13. Bxg6 fxg6 14. Bd2 Be7 15. Nxd5 exd5 16. b4 Nf8 17. b5 c5 18. dxc5 Bxc5 19. Be3 Rc8 20. Rad1 Ne6 21. Qa2 Bxe3 22. fxe3 Rc4 23. e4 Rxe4 24. Rxd5 Qc8 25. Ng5 Rg4 26. Nf7 Rf8 27. Rdd1 Qc5+ 28. Kh1 Qc4 29. Qxc4 Rxc4 30. Nd6 Rxf1+ 31. Rxf1 Rxa4 32. h3 Rb4 33. Rf7 Rxb5 34. Re7 Rb1+ 35. Kh2 Nf8 36. Nxb7 Rd1 37. e6 Nxe6 38. Rxe6 Rd7 39. Nd6 Rd8 40. Ne4 Ra8 41. Ra6 Kf8 42. Kg3 Ke7 43. Kf4 Kd7 44. Ke5 Kc7 45. Nd6 1-0

[Event "Olympiad-35"]
[Site "Bled"]
[Date "2002.10.30"]
[Round "5.1"]
[White "Vescovi, Giovanni P"]
[Black "Lesiege, Alexandre"]
[Result "0-1"]
[WhiteElo "2614"]
[BlackElo "2531"]
[WhiteFideId "-1"]
[WhiteFideId "-1"]
[PlyCount "108"]
[GameId "1166644866568192"]
[EventDate "2002.10.26"]
[EventType "team-swiss"]
[EventRounds "14"]
[EventCountry "SLO"]
[SourceTitle "EXT 2003"]
[Source "ChessBase"]
[SourceDate "2002.11.25"]
[SourceVersion "1"]
[SourceVersionDate "2002.11.25"]
[SourceQuality "1"]
[WhiteTeam "Brazil"]
[BlackTeam "Canada"]
[WhiteTeamCountry "BRA"]
[BlackTeamCountry "CAN"]

1. e4 c5 2. Nf3 d6 3. Bb5+ Nd7 4. d4 Ngf6 5. Nc3 cxd4 6. Qxd4 e5 7. Qd3 h6 8. Be3 Be7 9. Bc4 a6 10. a4 Qc7 11. O-O Nc5 12. Bxc5 Qxc5 13. Nd5 Nxd5 14. Bxd5 O-O 15. Qb3 Rb8 16. Ne1 Bd7 17. Nd3 Qd4 18. Rfd1 Bg4 19. Rd2 Bg5 20. c3 Qa7 21. Rc2 a5 22. h3 Bd7 23. Rd1 Kh8 24. Bxf7 b5 25. Be6 bxa4 26. Qd5 Bb5 27. c4 Qc7 28. c5 a3 29. bxa3 Ba4 30. Qa2 dxc5 31. Rxc5 Qd6 32. Bg4 Bxd1 33. Rd5 Bb3 34. Qxb3 Rxb3 35. Rxd6 Rd8 36. Rxd8+ Bxd8 37. Nxe5 Rb1+ 38. Kh2 Bc7 39. f4 g5 40. Bd7 gxf4 41. Nf3 Kg7 42. h4 h5 43. a4 Kf6 44. Be8 Ra1 45. Bb5 Ra3 46. Kh3 Ke7 47. Kh2 Bb6 48. Ne5 Bf2 49. g4 fxg3+ 50. Kg2 Ra2 51. Ng6+ Kf6 52. Nf4 Ke5 53. Nxh5 Be1+ 54. Kg1 g2 0-1

[Event "Olympiad-35"]
[Site "Bled"]
[Date "2002.10.31"]
[Round "6.1"]
[White "Papaioannou, Ioannis"]
[Black "Lesiege, Alexandre"]
[Result "1/2-1/2"]
[WhiteElo "2587"]
[BlackElo "2531"]
[WhiteFideId "-1"]
[WhiteFideId "-1"]
[PlyCount "101"]
[GameId "1166644867772416"]
[EventDate "2002.10.26"]
[EventType "team-swiss"]
[EventRounds "14"]
[EventCountry "SLO"]
[SourceTitle "EXT 2003"]
[Source "ChessBase"]
[SourceDate "2002.11.25"]
[SourceVersion "1"]
[SourceVersionDate "2002.11.25"]
[SourceQuality "1"]
[WhiteTeam "Greece"]
[BlackTeam "Canada"]
[WhiteTeamCountry "GRE"]
[BlackTeamCountry "CAN"]

1. d4 d5 2. Nf3 Nf6 3. c4 c6 4. e3 a6 5. Bd3 b5 6. c5 Bg4 7. Qc2 Nbd7 8. Nbd2 Qc7 9. a4 Rc8 10. b4 g6 11. Bb2 Bg7 12. Ne5 O-O 13. h3 Be6 14. f4 Ne8 15. g4 f6 16. Nxd7 Qxd7 17. a5 f5 18. g5 Kf7 19. h4 Nc7 20. h5 Ke8 21. hxg6 hxg6 22. Rh7 Rg8 23. Nf3 Bf7 24. O-O-O Ne6 25. Rdh1 Nf8 26. R7h4 Qe6 27. Qf2 Kd7 28. Kd2 Kc7 29. R1h3 Rd8 30. Ke2 Qc8 31. Qh2 Kb7 32. Bc3 Be8 33. Be1 e6 34. Rh6 Rd7 35. Bg3 Re7 36. Ne5 Bxe5 37. fxe5 Reg7 38. Bf4 Qd7 39. Bc2 Qf7 40. Bb3 Bd7 41. Kf3 Qe7 42. Kg3 Be8 43. Kf2 Bd7 44. Qg3 Qf7 45. Qh4 Kc8 46. e4 dxe4 47. Ke3 Kb7 48. Rh8 Rxh8 49. Qxh8 Rh7 50. Rxh7 Qxh7 51. Qxh7 1/2-1/2

[Event "Olympiad-35"]
[Site "Bled"]
[Date "2002.11.02"]
[Round "8.1"]
[White "Lesiege, Alexandre"]
[Black "Dervishi, Erald"]
[Result "1/2-1/2"]
[WhiteElo "2531"]
[BlackElo "2513"]
[WhiteFideId "-1"]
[WhiteFideId "-1"]
[PlyCount "64"]
[GameId "1166644869603328"]
[EventDate "2002.10.26"]
[EventType "team-swiss"]
[EventRounds "14"]
[EventCountry "SLO"]
[SourceTitle "EXT 2003"]
[Source "ChessBase"]
[SourceDate "2002.11.25"]
[SourceVersion "1"]
[SourceVersionDate "2002.11.25"]
[SourceQuality "1"]
[WhiteTeam "Canada"]
[BlackTeam "Albania"]
[WhiteTeamCountry "CAN"]
[BlackTeamCountry "ALB"]

1. d4 Nf6 2. c4 e6 3. Nc3 d5 4. Nf3 Be7 5. Bf4 O-O 6. e3 c5 7. dxc5 Bxc5 8. cxd5 Nxd5 9. Nxd5 exd5 10. a3 Nc6 11. Bd3 Be7 12. O-O Bf6 13. Qb3 g6 14. Rac1 a6 15. Rfe1 Re8 16. h3 Re7 17. Bg5 Bxg5 18. Nxg5 Rc7 19. Qb6 Rd7 20. Qxd8+ Rxd8 21. f4 h6 22. Nf3 Be6 23. Rc5 Rdc8 24. Rec1 Kf8 25. g4 Ne7 26. Nd4 Bd7 27. Rc7 Ke8 28. R1c3 Rab8 29. f5 Kd8 30. Rxc8+ Rxc8 31. Rxc8+ Bxc8 32. Kf2 Kd7 1/2-1/2

[Event "Olympiad-35"]
[Site "Bled"]
[Date "2002.11.04"]
[Round "9.1"]
[White "Wong, Zi Jing"]
[Black "Lesiege, Alexandre"]
[Result "0-1"]
[WhiteElo "2297"]
[BlackElo "2531"]
[WhiteFideId "-1"]
[WhiteFideId "-1"]
[PlyCount "78"]
[GameId "1166644871086080"]
[EventDate "2002.10.26"]
[EventType "team-swiss"]
[EventRounds "14"]
[EventCountry "SLO"]
[SourceTitle "EXT 2003"]
[Source "ChessBase"]
[SourceDate "2002.11.25"]
[SourceVersion "1"]
[SourceVersionDate "2002.11.25"]
[SourceQuality "1"]
[WhiteTeam "Malaysia"]
[BlackTeam "Canada"]
[WhiteTeamCountry "MAS"]
[BlackTeamCountry "CAN"]

1. e4 c5 2. Nf3 d6 3. d4 cxd4 4. Nxd4 Nf6 5. Nc3 a6 6. f4 e6 7. Bd3 Nbd7 8. Nf3 Nc5 9. O-O b5 10. b4 Nxd3 11. cxd3 d5 12. a3 dxe4 13. dxe4 Bb7 14. Qe2 Rc8 15. Rd1 Qc7 16. Bd2 Be7 17. Rac1 Qb8 18. e5 Nd5 19. Nxd5 Bxd5 20. Rxc8+ Qxc8 21. Rc1 Qb7 22. Be3 O-O 23. Bc5 Bc4 24. Qf2 Bxc5 25. Qxc5 Rd8 26. a4 h6 27. axb5 axb5 28. Re1 Rd3 29. Qf2 Qe7 30. f5 exf5 31. Nd4 g6 32. e6 fxe6 33. Nc6 Qd6 34. Ne5 Rd2 35. Qg3 g5 36. Qa3 Qd4+ 37. Kh1 Qxe5 38. Qa8+ Kh7 39. Qa7+ Qg7 0-1

[Event "Olympiad-35"]
[Site "Bled"]
[Date "2002.11.06"]
[Round "11.1"]
[White "Bologan, Viktor"]
[Black "Lesiege, Alexandre"]
[Result "1/2-1/2"]
[WhiteElo "2627"]
[BlackElo "2531"]
[WhiteFideId "-1"]
[WhiteFideId "-1"]
[PlyCount "124"]
[GameId "1166644873256960"]
[EventDate "2002.10.26"]
[EventType "team-swiss"]
[EventRounds "14"]
[EventCountry "SLO"]
[SourceTitle "EXT 2003"]
[Source "ChessBase"]
[SourceDate "2002.11.25"]
[SourceVersion "1"]
[SourceVersionDate "2002.11.25"]
[SourceQuality "1"]
[WhiteTeam "Moldova"]
[BlackTeam "Canada"]
[WhiteTeamCountry "MDA"]
[BlackTeamCountry "CAN"]

1. e4 c5 2. Nf3 d6 3. d4 cxd4 4. Nxd4 Nf6 5. Nc3 a6 6. Be3 e6 7. f3 b5 8. g4 h6 9. Qd2 Nbd7 10. O-O-O Bb7 11. h4 b4 12. Na4 Qa5 13. b3 Nc5 14. a3 Rc8 15. axb4 Nxb3+ 16. Nxb3 Qxa4 17. Kb2 d5 18. c3 Bd6 19. Ra1 Qd7 20. Bxa6 Bxa6 21. Rxa6 Be5 22. Rc1 Qb7 23. Rb6 Qc7 24. Rb5 O-O 25. g5 Qc4 26. Rb7 hxg5 27. hxg5 Rb8 28. Na5 Qa6 29. gxf6 Bxf6 30. Bc5 Rxb7 31. Nxb7 Rb8 32. Qh2 Rxb7 33. e5 Bg5 34. Ra1 Qb5 35. Bd6 Qe8 36. Kb3 f5 37. Qe2 Kh7 38. Qa6 Qc8 39. Ra5 Be3 40. Qe2 Bh6 41. Qd3 Bg5 42. Bc5 Bf4 43. Bd4 Rc7 44. Qa6 Qe8 45. Qb6 Rc6 46. Qb7 Rc4 47. Rc5 Rxd4 48. cxd4 Qh5 49. Rc3 Qh1 50. Qc6 Bd2 51. Rc2 Qb1+ 52. Rb2 Qd3+ 53. Ka2 Qxd4 54. Qc5 Qd3 55. b5 Bf4 56. b6 Qa6+ 57. Qa3 Qc4+ 58. Rb3 Qe2+ 59. Qb2 Qa6+ 60. Kb1 Qf1+ 61. Kc2 Qe2+ 62. Kb1 Qf2 1/2-1/2

[Event "Olympiad-35"]
[Site "Bled"]
[Date "2002.11.08"]
[Round "13.1"]
[White "Azmaiparashvili, Zurab"]
[Black "Lesiege, Alexandre"]
[Result "1-0"]
[WhiteElo "2666"]
[BlackElo "2531"]
[WhiteFideId "-1"]
[WhiteFideId "-1"]
[PlyCount "92"]
[GameId "1166644875493376"]
[EventDate "2002.10.26"]
[EventType "team-swiss"]
[EventRounds "14"]
[EventCountry "SLO"]
[SourceTitle "EXT 2003"]
[Source "ChessBase"]
[SourceDate "2002.11.25"]
[SourceVersion "1"]
[SourceVersionDate "2002.11.25"]
[SourceQuality "1"]
[WhiteTeam "Georgia"]
[BlackTeam "Canada"]
[WhiteTeamCountry "GEO"]
[BlackTeamCountry "CAN"]

1. c4 c6 2. d4 d5 3. Nc3 Nf6 4. cxd5 cxd5 5. Bf4 Nc6 6. e3 a6 7. Bd3 Bg4 8. Nge2 e6 9. Qb3 Nb4 10. Bb1 Ra7 11. Ng3 Bh5 12. Nxh5 Nxh5 13. Be5 Bd6 14. Na4 Nc6 15. Bxd6 Qxd6 16. Nc5 O-O 17. O-O Rb8 18. Rc1 Nf6 19. Bd3 g6 20. Qb6 Qd8 21. Qxd8+ Nxd8 22. Rc3 Kf8 23. b4 Ke7 24. a4 Rc8 25. Rac1 a5 26. bxa5 Rxa5 27. Bb5 Ra7 28. Nd7 Rxc3 29. Rxc3 Nxd7 30. Rc7 Nc6 31. Bxc6 Kd6 32. Rxb7 Rxb7 33. Bxb7 Nb6 34. a5 Nc4 35. a6 Kc7 36. g4 g5 37. e4 dxe4 38. Bxe4 Kb6 39. Bxh7 e5 40. d5 Nd6 41. Bd3 e4 42. Be2 Nc8 43. Kg2 Kc5 44. Bc4 Nb6 45. a7 Na8 46. Ba6 Kxd5 1-0

[Event "Lanaudiere"]
[Site "Mascouche CAN"]
[Date "2002.10.14"]
[Round "4"]
[White "Lesiege, Alexandre"]
[Black "Ivanov, Igor V"]
[Result "1/2-1/2"]
[WhiteElo "2591"]
[BlackElo "2534"]
[WhiteFideId "-1"]
[WhiteFideId "-1"]
[PlyCount "55"]
[GameId "2160767911395078"]
[EventDate "2002.10.12"]
[EventType "swiss"]
[EventRounds "5"]
[EventCountry "CAN"]

1. d4 Nf6 2. c4 e6 3. Nc3 Bb4 4. e3 c5 5. Nge2 cxd4 6. exd4 d5 7. c5 Ne4 8. Bd2 Nxd2 9. Qxd2 O-O 10. a3 Bxc3 11. Nxc3 Nc6 12. Be2 Qf6 13. Rd1 Rd8 14. O-O Bd7 15. Nb5 a6 16. Nd6 Rdb8 17. b4 Na7 18. Rc1 Nc8 19. Nxb7 Rxb7 20. c6 Bxc6 21. Rxc6 Rba7 22. Rfc1 Ne7 23. Rc7 g6 24. Bf1 Rxc7 25. Rxc7 Nf5 26. Rc6 a5 27. bxa5 Qxd4 28. Qb4 1/2-1/2